Manual de peritaje informático (Registro nro. 4065)
[ vista simple ]
| 000 -Cabecera | |
|---|---|
| Campo de control de longitud fija | 00659am a2200241a 44500 |
| 005 - Fecha y hora de la última transacción | |
| Campo de control | 20260309162859.0 |
| 008 - Elementos de longitud fija--Información general | |
| Campo de control de longitud fija | 150320b2007 xxu||||| |||| 00| 0 spa d |
| 020 ## - International Standard Book Number | |
| Número Internacional Estándar del Libro (ISBN) | 9789974206472 |
| 041 ## - Idioma | |
| Código de idioma | Español |
| 082 ## - Clasificación Decimal Dewey | |
| Número de clasificación | 364.147 M294m |
| 245 ## - Título propiamente dicho | |
| Título | Manual de peritaje informático |
| 260 ## - Pie de imprenta | |
| Lugar de publicación, distribución, etc. | Uruguay |
| 260 ## - Pie de imprenta | |
| Nombre del editor, distribuidor, etc. | Fundación de Cultura Universitaria |
| 260 ## - Pie de imprenta | |
| Fecha de publicación, distribución, etc. | 2007 |
| 300 ## - Descripción física | |
| Extensión | 52 páginas |
| 490 ## - Serie | |
| Título de la Serie | Investigación Criminal |
| 500 ## - Nota general | |
| Nota general | Contiene glosario de términos informáticos |
| 650 ## - Materia general | |
| Temática (materia general) | DELITOS INFORMATICOS |
| 650 ## - Materia general | |
| Temática (materia general) | PERITAJE INFORMATICO |
| 650 ## - Materia general | |
| Temática (materia general) | PERICIA INFORMATICA |
| 650 ## - Materia general | |
| Temática (materia general) | CADENA DE CUSTODIA |
| 942 ## - Punto de acceso adicional KOHA | |
| Tipo de ítem KOHA | Libro |
| Fuente del sistema de clasificación o colocación | Dewey Decimal Classification |
| Signatura completa | Código de barras | Programa Académico | Tipo de ítem |
|---|---|---|---|
| 364.147 M294m | 12928 | Investigación Criminal | Libro |